000 00700nam a22002297a 4500
005 20170124110037.0
010 _aB-021694
020 _c00.00
_a0333933389
035 _aB-021694
037 _bCen Lib/Ret
040 _aDPL
_bEN
082 _a332.1
_bKHU
100 _aKhubchandani, B. S
_922915
245 _aPractice and law of banking /
_cby B. S. Khubchandani
260 _aNew Delhi
_bMacmillan
_c2000
270 _a2/10 Ansari Road, Daryaganj
_bNew Delhi
_e110002
300 _axii,312p.
_c24cm(Hb)
500 _aIncludes bibliographical references and index
650 _aBanking law
_98133
650 _aBanks and banking
_922916
942 _2ddc
_cEN
_h332.1
_mKHU
999 _c128281
_d128281